[Event "JUG-chT Cetinje"]
[Site "Cetinje"]
[Date "1990.??.??"]
[Round "6"]
[White "Kurajica, Bojan"]
[Black "Raicevic, Ivica"]
[Result "1/2-1/2"]
[WhiteElo "2480"]
[BlackElo "2335"]

1.Nf3 e6 2.g3 b6 3.Bg2 Bb7 4.O-O Nf6 5.c4 c5 6.Nc3 d6 7.Re1 a6 8.e4 e5 9.d3 Be7
10.Nh4 Nc6 11.Nf5 O-O 12.f4 Nd4 13.Rf1 Nxf5 14.exf5 Bxg2 15.Kxg2 exf4 16.g4 Nd7
17.Bxf4 Ne5 18.Nd5 Bf6 19.h3 b5 20.Qd2 h6 21.Bxe5 dxe5 22.Rae1 Bg5 23.Qc3 Bf4
24.f6 b4 25.Qc2 gxf6 26.Qf2 Qd6 27.Qh4 Kg7 28.Re4 Rfe8 29.Rf3 Qc6 30.Qf2 Rad8
31.Kf1 Re6 32.b3 Red6 33.Qe2 Rxd5 34.cxd5 Rxd5 35.Rc4 Rd4 36.Rxd4 cxd4 37.Kg2 Be3
38.Kg3 e4 39.dxe4 Qxe4 40.Qc4 a5 41.Qa6 Qe5+ 42.Kg2 Bg5 43.Qd3 Qc5 44.Qe4 Be3
45.h4 Qc1 46.Qf5 Qc6 47.Kg3 Qd6+ 48.Kg2 Qc6 49.Kg3 Bc1 50.Kg2 Be3 51.Kg3 Qa6
52.Kh3 Qd6 53.Kg2 Qc6 54.Kg3 Qd6+  1/2-1/2

[Event "Dieren op"]
[Site "Dieren"]
[Date "1990.??.??"]
[Round "1"]
[White "Ninov, Kiril"]
[Black "Markus, John Raymond"]
[Result "1-0"]
[WhiteElo "2425"]
[BlackElo "2265"]

1.Nf3 Nf6 2.c4 c5 3.g3 b6 4.Bg2 Bb7 5.O-O e6 6.Nc3 a6 7.b3 d6 8.d4 cxd4 9.Qxd4 Nbd7
10.Rd1 Be7 11.Ng5 Bxg2 12.Kxg2 O-O 13.Bb2 Qc7 14.f3 Qb7 15.Nge4 Ne8 16.a4 Nc5
17.Nd2 Bg5 18.Nce4 Bxd2 19.Nxd6 Qd7 20.Qxd2 Qxd6 21.Qxd6 Nxd6 22.Rxd6 Nxb3
23.Rb1 Rfc8 24.Bxg7 Kxg7 25.Rxb3 Rxc4 26.Rbxb6 Rxa4 27.Rb7 Kg6 28.Rdd7 Rf8
29.g4 h6 30.e4 f5 31.gxf5+ exf5 32.e5 Kg5 33.e6 Kf4 34.Rg7 Ra2+ 35.Kh3 Kxf3
36.Rgf7 Kf4 37.e7 Re8 38.Rf8 Ra3+ 39.Kh4 Ra2 40.h3 Rxe7 41.Rxe7 Ra5 42.Rf6 Kf3
43.Rxh6  1-0

[Event "Dieren op"]
[Site "Dieren"]
[Date "1990.??.??"]
[Round "7"]
[White "Hartoch, Robert G"]
[Black "Ninov, Kiril"]
[Result "1/2-1/2"]
[WhiteElo "2375"]
[BlackElo "2425"]

1.Nf3 c5 2.c4 b6 3.g3 Bb7 4.Bg2 Nf6 5.O-O e6 6.Nc3 a6 7.b3 d6 8.Bb2 Be7 9.d4 cxd4
10.Nxd4 Qc7 11.e3 O-O 12.Rc1 Bxg2 13.Kxg2 Nbd7 14.Qe2 Rfc8 15.Rfd1 Bf8 16.f3 Qb7
17.Rd2 Rc7 18.Rcd1 Rac8 19.Nb1 d5 20.cxd5 Nxd5 21.e4 N5f6 22.Rc2 Bc5 23.Rdc1 b5
24.a3 Be7  1/2-1/2

[Event "BL2-S8990"]
[Site "Germany"]
[Date "1990.??.??"]
[Round "?"]
[White "Reich, Thomas"]
[Black "Kindl, Peter"]
[Result "1-0"]
[WhiteElo "2330"]
[BlackElo "2345"]

1.c4 Nf6 2.Nf3 c5 3.g3 b6 4.Bg2 Bb7 5.O-O e6 6.b3 Be7 7.Bb2 O-O 8.d3 d6 9.Nc3 Nbd7
10.e4 a6 11.Ne1 Rb8 12.f4 Re8 13.g4 g6 14.Bf3 h6 15.h4 Nh7 16.g5 hxg5 17.fxg5 Ne5
18.Bg2 Bf8 19.Nf3 Bg7 20.Qd2 Nf8 21.Nd1 Nfd7 22.Nh2 Qe7 23.Ne3 f5 24.exf5 gxf5
25.Bxb7 Rxb7 26.Ng2 Nc6 27.Nf4 Bd4+ 28.Bxd4 Nxd4 29.Rae1 Qh7 30.Qf2 Ne5 31.Re3 Rg7
32.Rh3 Ng6 33.Nxg6 Qxg6 34.Nf3 Qh5 35.Nxd4 cxd4 36.Qxd4 Rxg5+ 37.hxg5 Qxh3
38.Qxd6 Kf7 39.Kf2 Qh4+ 40.Ke2 Qxg5 41.Qxb6 Qg4+ 42.Kd2 Rh8 43.Rf2 Rh3 44.Re2 f4
45.Qd4 Qf5 46.c5 f3 47.Rf2 Qg5+ 48.Kc2 Qg3 49.Kc3 Rh2 50.Qd7+ Kf6 51.Qd8+ Kf7
52.Rxf3+ Qxf3 53.Qc7+ Ke8 54.Qxh2 Qe3 55.Qb8+ Kf7 56.Qc7+ Kf6 57.Qd8+ Kg6
58.Qd4 Qe1+ 59.Kc4 Qc1+ 60.Kb4 Qd2+ 61.Qc3 a5+ 62.Kc4 Qxa2 63.Kb5 a4 64.bxa4 Qb1+
65.Ka5  1-0

[Event "Gistrup"]
[Site "Gistrup"]
[Date "1990.??.??"]
[Round "9"]
[White "Sorensen, Bent"]
[Black "Andreasen, Per"]
[Result "1-0"]
[WhiteElo "2320"]
[BlackElo "2245"]

1.Nf3 Nf6 2.g3 b6 3.Bg2 Bb7 4.O-O e6 5.c4 c5 6.b3 Be7 7.Bb2 O-O 8.e3 a6 9.Nc3 d6
10.d4 Ra7 11.Qc2 cxd4 12.Nxd4 Bxg2 13.Kxg2 Nc6 14.Nf3 d5 15.Rfd1 Qa8 16.cxd5 Nb4
17.Qe2 Nbxd5 18.Nxd5 Nxd5 19.Rac1 Bf6 20.Bxf6 Nxf6 21.Rd6 b5 22.Kg1 Rc8 23.Rxc8+ Qxc8
24.Qd3 Nd5 25.Ng5 g6 26.Qd4 Ra8 27.Ne4 h5 28.Rxd5 exd5 29.Nf6+ Kg7 30.h4 Qf5
31.Nxh5+ Kf8 32.Qh8+ Ke7 33.Qxa8 gxh5 34.Qxa6 Qb1+ 35.Kh2 Qf1 36.Qb7+ Kf6
37.Qc6+ Kf5 38.Qxd5+ Kg4 39.Qe4+  1-0

[Event "Jajce (Women)"]
[Site "Jajce"]
[Date "1990.??.??"]
[Round "8"]
[White "Maric, Alisa"]
[Black "Alexandria, Nana"]
[Result "1/2-1/2"]
[WhiteElo "2365"]
[BlackElo "2360"]

1.Nf3 Nf6 2.c4 c5 3.g3 b6 4.Bg2 Bb7 5.O-O e6 6.Nc3 Be7 7.d4 cxd4 8.Qxd4 d6
9.b3 Nbd7 10.Nb5 Ne4 11.Qe3 a6 12.Nbd4 Qc7 13.Nd2 Nxd2 14.Bxd2 Bxg2  1/2-1/2

[Event "Karl-Marx-Stadt"]
[Site "Karl-Marx-Stadt"]
[Date "1990.??.??"]
[Round "?"]
[White "Seifert, Henryk"]
[Black "Zielinski, Marek"]
[Result "0-1"]
[WhiteElo "2320"]
[BlackElo "2355"]

1.Nf3 Nf6 2.g3 b6 3.Bg2 Bb7 4.O-O e6 5.c4 c5 6.d4 cxd4 7.Qxd4 d6 8.Nc3 a6
9.b3 Nbd7 10.Bb2 Be7 11.e4 Qc7 12.Rfe1 O-O 13.Qd2 Rfe8 14.Nd4 Bf8 15.Rad1 g6
16.Nc2 Rad8 17.Ne3 Qb8 18.Qe2 Bg7 19.Ng4 Nxg4 20.Qxg4 Ne5 21.Qh4 Qc7 22.Rd2 Rd7
23.Red1 Red8 24.f4 Nc6 25.Ne2 Bxb2 26.Rxb2 b5 27.cxb5 axb5 28.b4 Nxb4 29.Qf6 Qc5+
30.Qd4 Na6 31.Rc1 Qxd4+ 32.Nxd4 Nc5  0-1

[Event "Balkaniad"]
[Site "Kavala"]
[Date "1990.??.??"]
[Round "5"]
[White "Radulov, Ivan"]
[Black "Skalkotas, Nikolaos"]
[Result "1/2-1/2"]
[WhiteElo "2400"]
[BlackElo "2325"]

1.Nf3 Nf6 2.g3 b6 3.Bg2 Bb7 4.O-O e6 5.c4 c5 6.Nc3 d6 7.b3 a6 8.Bb2 Be7 9.d4 cxd4
10.Nxd4 Bxg2 11.Kxg2 Qc8 12.e3 Nc6 13.f4 O-O 14.Nxc6 Qxc6+ 15.Qf3 Rfc8 16.Qxc6 Rxc6
17.Kf3 Rb8 18.Ne2 d5 19.cxd5 Nxd5 20.Nd4 Rcc8 21.Rac1 Bc5 22.a3 b5 23.Rfd1 Bxd4
24.Bxd4 f5 25.g4 fxg4+ 26.Kxg4 Kf7 27.Kf3 a5 28.e4 Nf6 29.h3 a4 30.b4 Rxc1
31.Rxc1 Rb7 32.Rc6 Nd7 33.Ke3 Nb8 34.Rc8 Nd7 35.Bc5 e5 36.h4 g6 37.Kf3 Nb6
38.Bxb6 Rxb6 39.Rc5 exf4 40.Kxf4 Ke6 41.e5 h6 42.Ke4 g5 43.hxg5 hxg5 44.Rc7 g4
45.Rg7 Rc6 46.Rg6+ Kd7 47.Rxg4 Rc3 48.Kd5 Rxa3 49.Rg7+ Kd8 50.Rb7 Rb3 51.Rxb5 a3
52.Kd6 Rd3+ 53.Kc6 Rc3+ 54.Kb6 Rb3 55.Kc5 Rc3+ 56.Kd4 a2 57.Ra5 Rc2 58.Ra7 Re2
59.Kd5 Kc8 60.b5 Kb8 61.b6 Rd2+ 62.Ke6  1/2-1/2

[Event "Kherson"]
[Site "Kherson"]
[Date "1990.??.??"]
[Round "?"]
[White "Kushch, Nikolai"]
[Black "Kaplun, Leonid I"]
[Result "1-0"]
[WhiteElo "2300"]
[BlackElo "2390"]

1.c4 Nf6 2.Nf3 b6 3.g3 Bb7 4.Bg2 c5 5.O-O e6 6.Nc3 d6 7.Re1 a6 8.e4 Be7 9.d4 cxd4
10.Nxd4 Qc7 11.Be3 O-O 12.Rc1 Nbd7 13.f4 Rfe8 14.g4 Nc5 15.Bf2 e5 16.fxe5 dxe5
17.Nf5 a5 18.g5 Nfd7 19.Re3 Nf8 20.Qg4 Ng6 21.Nd5 Bxd5 22.exd5 Rac8 23.Nxe7+ Qxe7
24.Rce1 Nb7 25.b3 Nd6 26.Bg3 f5 27.gxf6 gxf6 28.Be4 Nxe4 29.Qxe4 Rf8 30.Rf3 b5
31.h4 bxc4 32.h5 Nh8 33.Bh4 Rf7 34.Kh1 Kf8 35.bxc4 Qc7 36.Bxf6 Qxc4 37.Qxe5 Qg4
38.Qd6+ Kg8 39.Rg3  1-0

[Event "Lyngby op"]
[Site "Lyngby"]
[Date "1990.??.??"]
[Round "6"]
[White "Groenn, Atle"]
[Black "Friedman, Aviv"]
[Result "1/2-1/2"]
[WhiteElo "2205"]
[BlackElo "2350"]

1.Nf3 Nf6 2.c4 c5 3.g3 b6 4.Bg2 Bb7 5.O-O e6 6.Nc3 Be7 7.d4 cxd4 8.Qxd4 d6
9.b3 a6 10.Ba3 Nc6 11.Qf4 d5 12.Bxe7 Nxe7 13.Ne5 O-O 14.Rac1 Ra7 15.Rfd1 Qa8
16.Na4 Nc8 17.c5 bxc5 18.Nxc5 Qb8 19.Nxb7 Rxb7 20.Rc2 Ne7 21.Rdc1 a5 22.Nd3 Qd8
23.Qa4 Qb6 24.e3 Ra8 25.Bf1 h6 26.Be2 Qd6 27.Qf4 Qd8 28.Qe5 Ne4 29.Bf3 Nd6
30.Nc5 Rbb8 31.Kg2 Ng6 32.Qc3 Rc8 33.Qd4  1/2-1/2

[Event "Lyon op"]
[Site "Lyon"]
[Date "1990.??.??"]
[Round "?"]
[White "Schwartzman, Gabriel"]
[Black "Prie, Eric"]
[Result "0-1"]
[WhiteElo "2300"]
[BlackElo "2435"]

1.c4 b6 2.Nf3 Bb7 3.g3 c5 4.Bg2 Nf6 5.O-O e6 6.Nc3 d6 7.d4 cxd4 8.Qxd4 a6
9.b3 Nbd7 10.Rd1 Be7 11.e4 Qc8 12.Bb2 O-O 13.Qe3 Qc7 14.Nd4 Rfe8 15.Rd2 Rac8
16.Rad1 Qb8 17.f3 d5 18.cxd5 exd5 19.Kh1 Bc5 20.Qg5 h6 21.Qh4 Bb4 22.Nde2 dxe4
23.fxe4 Ne5 24.Qf4 Neg4 25.Qf3 Rxe4 26.Nxe4 Nxe4 27.Kg1 Bxd2 28.Qxg4 Be3+
29.Kf1 Ng5 30.h4 Bxg2+ 31.Kxg2 Qb7+ 32.Kh2 Ne6 33.Rd6 Bc5 34.Rxe6 fxe6 35.Bxg7 h5
36.Qxe6+ Kxg7 37.Nf4 Bf8 38.Qe5+ Kg8 39.Qe6+ Kh8 40.Qe5+ Bg7 41.Ng6+ Kg8
42.Qe6+ Kh7 43.Qf5 Rc5 44.Ne5+ Kh8 45.Qxh5+ Kg8 46.Qe8+ Bf8 47.Qg6+ Qg7 48.Qe6+ Kh7
49.Nd7 Rc2+ 50.Kh3 Rc7 51.Qf5+ Kg8 52.Qd5+ Qf7 53.Qg5+ Kh7 54.Nf6+ Kh8 55.h5 Rc5
56.Qf4 Rc6  0-1

[Event "FRG-ch qual"]
[Site "Mengen"]
[Date "1990.??.??"]
[Round "1"]
[White "Gutman, Lev"]
[Black "Schuh, Hubert"]
[Result "0-1"]
[WhiteElo "2475"]
[BlackElo "2375"]

1.Nf3 c5 2.g3 b6 3.Bg2 Bb7 4.O-O Nf6 5.c4 e6 6.b3 Be7 7.Bb2 O-O 8.e3 d5 9.Qe2 Na6
10.d3 Nc7 11.Nbd2 a5 12.Ne5 a4 13.f4 Ra7 14.Ndf3 Nfe8 15.Rab1 Nd6 16.Ba1 f6
17.Ng4 axb3 18.axb3 Qe8 19.Nf2 Qf7 20.g4 Rfa8 21.g5 Ra2 22.Qe1 Qh5 23.gxf6 gxf6
24.e4 Kf7 25.cxd5 exd5 26.Qd1 Qg6 27.e5 Rg8 28.Ng5+ fxg5 29.exd6 gxf4 30.Qf3 Bxd6
31.Rb2 Rxb2 32.Bxb2 Ne6 33.Re1 Ba8 34.Kf1 h5 35.h4 d4 36.Ne4 Bxe4 37.Rxe4 Qg4
38.Qe2 Qxe2+ 39.Rxe2 Kf6 40.Bf3 Rg3 41.Bxh5 Ng7 42.Be8 Nxe8 43.Rxe8 Rxd3
44.b4 c4  0-1

[Event "Moscow (Women)"]
[Site "Moscow"]
[Date "1990.??.??"]
[Round "?"]
[White "Galliamova, Alisa"]
[Black "Sakhatova, Elvira"]
[Result "1/2-1/2"]
[WhiteElo "2365"]
[BlackElo "2290"]

1.Nf3 c5 2.c4 Nf6 3.g3 b6 4.Bg2 Bb7 5.O-O e6 6.b3 Be7 7.Bb2 O-O 8.e3 d5 9.Nc3 Nbd7
10.Qe2 dxc4 11.bxc4 Rc8 12.e4 Nb8 13.e5 Ne8 14.Rfd1 Nc6 15.d4 cxd4 16.Nb5 Bc5
17.Nfxd4 Nxd4 18.Bxd4 Qe7 19.Nxa7 Ra8 20.Bxc5 Qxc5 21.Bxb7 Rxa7 22.Rd7 Ra4
23.Rc1 g6 24.Rc2 Ng7 25.Qe3 Qb4 26.Qb3 Qa5 27.Kg2 Nf5 28.Be4 Rb4 29.Qc3 Qc5
30.g4 Nh4+ 31.Kh3 g5 32.Qd4 Qc8 33.Rd6 b5 34.Rc6 Qb8 35.Rb6 Qa7 36.Rd6 Qxd4
37.Rxd4 Rc8 38.Bd3 Ra8 39.Rd7 bxc4 40.Rxc4 Rb2 41.f4 h6 42.a4 Rf2 43.Be4 Rb8
44.fxg5 hxg5 45.Kg3 Ra2 46.Rd3 Rbb2 47.Rdc3 Rxh2 48.Rc2 Rhxc2 49.Bxc2 Ra3+
50.Kf2 Kg7 51.Be4 Ng6 52.Bxg6 Kxg6 53.Rb4 f5 54.Rb6 fxg4 55.Rxe6+ Kf5 56.Re8 g3+
57.Kg2 Kg4 58.e6 Rxa4 59.e7 Re4 60.Ra8 Re2+ 61.Kg1  1/2-1/2

[Event "Moscow1"]
[Site "Moscow"]
[Date "1990.??.??"]
[Round "?"]
[White "Zhachev, A."]
[Black "Gavrilov, Alexei"]
[Result "1-0"]
[WhiteElo "2410"]
[BlackElo "2370"]

1.Nf3 Nf6 2.c4 b6 3.g3 c5 4.Bg2 Bb7 5.O-O e6 6.Nc3 Be7 7.Re1 O-O 8.e4 d6
9.d4 cxd4 10.Nxd4 Qc7 11.Ndb5 Qc6 12.Nd4 Qxc4 13.Bf4 Nc6 14.Ndb5 Rad8 15.Be3 Ne5
16.Nxa7 Qb4 17.Qb3 Qxb3 18.axb3 Nd3 19.Red1 Nc5 20.e5 Nd5 21.Nxd5 exd5 22.Bxd5 Bxd5
23.Rxd5 dxe5 24.Nc6 Rde8 25.b4 Nb3 26.Ra7 Bf6 27.Bxb6 Re6 28.b5 h5 29.Ra3 Nd4
30.Bxd4 exd4 31.Rd3 Ra8 32.Nxd4 Re1+ 33.Kg2 Rb1 34.Rb3 Ra2 35.b6 Bxd4 36.b7 Ba7
37.b8=Q+ Bxb8 38.Rxb8+ Kh7 39.Rxh5+ Kg6 40.Rhb5 f6 41.R5b7 Kh7 42.h4 Raa1
43.Rd8 Rg1+ 44.Kf3 Ra5 45.Rdd7 Rf5+ 46.Kg4 Rxf2 47.Rxg7+ Kh8 48.Rh7+ Kg8
49.Rhc7  1-0

[Event "Novi Sad ol (Men)"]
[Site "Novi Sad"]
[Date "1990.??.??"]
[Round "5"]
[White "Briffel, Francisco"]
[Black "Mascarinas, Rico"]
[Result "1/2-1/2"]
[WhiteElo "2275"]
[BlackElo "2465"]

1.Nf3 Nf6 2.c4 c5 3.g3 b6 4.Bg2 Bb7 5.O-O e6 6.d4 cxd4 7.Qxd4 d6 8.Nc3 a6
9.Rd1 Nbd7 10.b3 Be7 11.Bg5 O-O 12.Rac1 Qc7 13.h3 Rfd8 14.Ne1 h6 15.Bxf6 Nxf6
16.e4 Nd7 17.Kh2 Rac8 18.Qe3 Bf6 19.Ne2 Qb8 20.Rc2 Be7 21.Nd4 Qa8 22.Re2 Re8
23.f4 Bf8 24.Ndf3 b5 25.Nd2 Qb8 26.Qf2 Qc7 27.Nef3 Qa5 28.cxb5 axb5 29.Nf1 Nf6
30.Nd4 d5 31.exd5 Bxd5 32.Qe1 Bb4 33.Qf2 Bc5 34.Qe1 Qb6 35.Nf3 b4 36.Ne5 Qb7
37.Bxd5 Nxd5 38.Rd3 Ba7 39.Nc4 Bb8 40.Nfe3 Nf6 41.Ng4  1/2-1/2

[Event "Novi Sad ol (Men)"]
[Site "Novi Sad"]
[Date "1990.??.??"]
[Round "14"]
[White "Cvitan, Ognjen"]
[Black "Adianto, Utut"]
[Result "1/2-1/2"]
[WhiteElo "2515"]
[BlackElo "2495"]

1.Nf3 Nf6 2.c4 c5 3.g3 b6 4.Bg2 Bb7 5.O-O e6 6.Nc3 Be7 7.Re1 d5 8.cxd5 exd5
9.d4 O-O 10.b3 Ne4 11.Bb2 Bf6 12.Rc1 Na6 13.e3 Re8 14.Qc2  1/2-1/2

[Event "Paris-ch"]
[Site "Paris"]
[Date "1990.??.??"]
[Round "?"]
[White "Foisor, Cristina Adela B"]
[Black "Stempin, Pawel"]
[Result "1-0"]
[WhiteElo "2295"]
[BlackElo "2445"]

1.Nf3 Nf6 2.g3 b6 3.Bg2 Bb7 4.O-O e6 5.c4 c5 6.Nc3 a6 7.b3 Qc7 8.Bb2 Be7
9.e3 O-O 10.Qe2 d6 11.Rfd1 Nbd7 12.d4 Ne4 13.Nxe4 Bxe4 14.dxc5 Nxc5 15.Ne1 Bxg2
16.Nxg2 Rfe8 17.Nf4 Bf8 18.h4 f5 19.Rac1 Qb7 20.Nd3 Ne4 21.Kg2 Qf7 22.f3 Nc5
23.Nf4 b5 24.Ba3 Rec8 25.Bxc5 Rxc5 26.cxb5 Rxc1 27.Rxc1 axb5 28.Rc2 e5 29.Nh3 Qd7
30.e4 d5 31.exd5 Qxd5 32.Rd2 Qc5 33.Qd3 g6 34.Ng5 Qd4 35.Qe2 Qb4 36.Rd7 Bg7
37.Rxg7+ Kxg7 38.Qxe5+ Kh6 39.Nf7+ Kh5 40.g4+  1-0

[Event "Paris-ch"]
[Site "Paris"]
[Date "1990.??.??"]
[Round "?"]
[White "Foisor, Cristina Adela B"]
[Black "Gouret, Thierry"]
[Result "1/2-1/2"]
[WhiteElo "2295"]
[BlackElo "2250"]

1.Nf3 c5 2.g3 b6 3.Bg2 Bb7 4.O-O Nf6 5.c4 e6 6.Nc3 Be7 7.b3 O-O 8.Bb2 d5
9.Ne5 Nfd7 10.Nxd7 Qxd7 11.cxd5 exd5 12.d4 Rd8 13.dxc5 bxc5 14.Qc2 Na6 15.a3 Rab8
16.Rfd1 Qe6 17.e4 dxe4 18.Rxd8+ Bxd8 19.Nxe4 Bd5 20.Re1 Qc6 21.Rd1 Kf8 22.Nf6 Bxg2
23.Nd7+ Ke8 24.Nxb8 Nxb8 25.Qe2+ Be7 26.Re1 Qb7 27.Qxe7+ Qxe7 28.Rxe7+ Kxe7
29.Kxg2 g6 30.Kf3 f5 31.Ke3 Ke6 32.Kd3 Kd5 33.f3 Nd7 34.Bg7 Nb6 35.Kc3 c4
36.b4 a6 37.Kd2 Na4 38.Ke3 Nb6 39.Bd4 Na4 40.h4 Kc6 41.Kd2  1/2-1/2

[Event "URS-ch (Women)"]
[Site "Podolsk"]
[Date "1990.??.??"]
[Round "7"]
[White "Tazhieva, Lyazzat"]
[Black "Tsiganova, Monika"]
[Result "1/2-1/2"]
[WhiteElo "2200"]
[BlackElo "2175"]

1.Nf3 Nf6 2.c4 c5 3.g3 b6 4.Bg2 Bb7 5.O-O e6 6.Nc3 Be7 7.d4 cxd4 8.Qxd4 d6
9.Rd1 Nbd7 10.b3 O-O 11.e4 a6 12.Ba3 Nc5 13.e5 dxe5 14.Qxd8 Rfxd8 15.Nxe5 Bxg2
16.Kxg2 Bf8 17.Bxc5 Bxc5 18.Na4 Kf8 19.Rab1 a5 20.Nc6 Rdc8 21.Nd4 Ke7 22.Rd3 Rab8
23.Nb5 Rb7 24.a3 Rd7 25.Rxd7+ Nxd7 26.b4 axb4 27.axb4 Ra8 28.bxc5 Rxa4 29.c6 Nf6
30.Rc1 Ra8 31.Rd1 Rc8 32.Rd6 e5 33.c7 Ne8 34.Rxb6 Nxc7 35.Rb7 Kd7 36.g4 Kc6
37.Rxc7+ Rxc7 38.Nxc7 Kxc7 39.Kf3 Kd6 40.Ke4 f6 41.Kf5 Kc5 42.Ke6 Kxc4 43.Kf7 Kd3
44.Kxg7 Ke2 45.Kxf6 Kxf2 46.Kxe5 Kg2  1/2-1/2

[Event "URS-ch (Women)"]
[Site "Podolsk"]
[Date "1990.??.??"]
[Round "9"]
[White "Matveeva, Svetlana"]
[Black "Tsiganova, Monika"]
[Result "0-1"]
[WhiteElo "2370"]
[BlackElo "2175"]

1.Nf3 Nf6 2.c4 c5 3.g3 b6 4.Bg2 Bb7 5.O-O e6 6.Nc3 Be7 7.b3 O-O 8.Bb2 a6
9.d4 cxd4 10.Qxd4 d6 11.Rfd1 Qc7 12.Ng5 Bxg2 13.Kxg2 Nc6 14.Qf4 Ne5 15.Nge4 Qc6
16.f3 Ne8 17.Rac1 h6 18.Ba3 Rd8 19.g4 Ng6 20.Qe3 f5 21.gxf5 exf5 22.Nd5 fxe4
23.Qxe4 Qd7 24.Qxg6 Bg5 25.Rc3 Nf6 26.Rcd3 Rde8 27.Nc3 Ng4 28.fxg4 Qxg4+
29.Kh1 Rxe2 30.Nxe2 Qxe2 31.Rg1 Rf6 32.Qxf6 Bxf6 33.Rdg3 Be5 34.R3g2 Qf3
35.Re1 h5 36.Kg1 Bd4+ 37.Kh1 h4  0-1

[Event "Bohemians"]
[Site "Prague"]
[Date "1990.??.??"]
[Round "?"]
[White "Vokac, Marek"]
[Black "Nun, Jiri"]
[Result "1/2-1/2"]
[WhiteElo "2465"]
[BlackElo "2445"]

1.Nf3 Nf6 2.g3 b6 3.Bg2 Bb7 4.O-O e6 5.c4 c5 6.Nc3 Be7 7.d4 cxd4 8.Qxd4 O-O
9.b3 d6 10.Rd1 Nbd7 11.e4  1/2-1/2

[Event "Bohemians"]
[Site "Prague"]
[Date "1990.??.??"]
[Round "?"]
[White "Keitlinghaus, Ludger"]
[Black "Nun, Jiri"]
[Result "1/2-1/2"]
[WhiteElo "2415"]
[BlackElo "2445"]

1.Nf3 Nf6 2.c4 e6 3.g3 b6 4.Bg2 Bb7 5.O-O c5 6.Nc3 Be7 7.d4 cxd4 8.Qxd4 O-O
9.Bg5 h6 10.Bxf6 Bxf6 11.Qd2 a6 12.Rfd1 Qc7 13.Qe3 d6 14.Rd2 Nd7 15.Rad1 Be7
16.Nd5 exd5 17.Qxe7 Rae8 18.Qh4 Re4 19.Qh3 Nf6 20.Bh1 Rxc4 21.Nd4 Rc1 22.Qf1 Rxd1
23.Qxd1 Rc8 24.Nf5 Qd7 25.Ne3 Rc5 26.Nxd5 Nxd5 27.Bxd5 Qc7 28.Qb3 Rb5 29.Qc4 Rc5
30.Qb3 Rb5  1/2-1/2

[Event "Ptuj"]
[Site "Ptuj"]
[Date "1990.??.??"]
[Round "?"]
[White "Truta, Srecko"]
[Black "Polajzer, Danilo"]
[Result "1/2-1/2"]
[WhiteElo "2255"]
[BlackElo "2325"]

1.Nf3 Nf6 2.c4 c5 3.g3 b6 4.Bg2 Bb7 5.O-O e6 6.Nc3 Be7 7.Re1 d5 8.cxd5 Nxd5
9.e4 Nb4 10.d4 cxd4 11.Nxd4 N8c6 12.Nxc6  1/2-1/2

[Event "Ptuj"]
[Site "Ptuj"]
[Date "1990.??.??"]
[Round "?"]
[White "Truta, Srecko"]
[Black "Orel, Oskar"]
[Result "0-1"]
[WhiteElo "2255"]
[BlackElo "2340"]

1.Nf3 c5 2.c4 Nf6 3.g3 b6 4.Bg2 Bb7 5.O-O e6 6.Nc3 Be7 7.d4 cxd4 8.Qxd4 O-O
9.Rd1 Nc6 10.Qf4 Rc8 11.b3 a6 12.Bb2 Qc7 13.Qxc7 Rxc7 14.Nd5 exd5 15.cxd5 Re8
16.dxc6 dxc6 17.Be5 Rd7 18.Nd4 Nd5 19.Nf3 Rdd8 20.e3 f6 21.Bb2 a5 22.Nd2 b5
23.a4 Bb4 24.Rac1 Nxe3 25.fxe3 Bxd2 26.Rxd2 Rxd2 27.Bc3 Rxg2+ 28.Kxg2 Rxe3
29.Kf2 Re8 30.axb5 cxb5 31.Bxa5 Bd5 32.Rc3 Kf7 33.b4 Bc4 34.Re3 Ra8 35.Re4 Ra6
36.Ke3 Rc6 37.h4 Be6 38.Rd4 Rc1 39.g4 Rg1 40.Kf3 Rf1+ 41.Ke3 Kg6 42.Bc7 h5
43.gxh5+ Kxh5 44.Bg3 Bc4 45.Bd6 Rh1 46.Bg3 f5 47.Kf3 Rf1+ 48.Ke3 g6 49.Bd6 Rh1
50.Bg3 Rb1 51.Bd6 Rb2 52.Kf3 Be2+ 53.Kg3 Rb3+ 54.Kf2 Bd3 55.Rf4 Be4 56.Be7 Kh6
57.Bf8+ Kh7 58.Be7 Kg7 59.Bc5 Kf6 60.Bd4+ Ke6 61.h5 g5 62.Rxe4+ fxe4 63.h6 Rh3
64.Bg7 Kf5  0-1

[Event "Pula op"]
[Site "Pula"]
[Date "1990.??.??"]
[Round "1"]
[White "Rukavina, Josip"]
[Black "Ulibin, Mikhail"]
[Result "1/2-1/2"]
[WhiteElo "2440"]
[BlackElo "2500"]

1.Nf3 Nf6 2.c4 c5 3.g3 b6 4.Bg2 Bb7 5.O-O e6 6.Nc3 Be7 7.Re1 d5 8.cxd5 exd5
9.d4 O-O 10.Ne5 Na6 11.Be3 Re8 12.Qa4 cxd4 13.Bxd4 Nc5 14.Bxc5 Bxc5 15.Nd3 Qe7
16.e3 Ne4 17.Rac1 Bd6 18.Nb5 Qd7 19.Qb3 Nd2 20.Qc2 Qxb5 21.Qxd2 Rad8 22.Red1 Bc8
23.a3 Bg4 24.Re1 a5 25.Bf1 Qd7 26.Qc3 Bf3 27.Bg2 Qf5 28.Bxf3 Qxf3 29.Qd4 h5
30.Rc6 Re4 31.Qxd5 Be7 32.Qb3 h4 33.Qd1 Qf5 34.Qc2 Qf3 35.Rc1 hxg3 36.hxg3 Rg4
37.Rc8 Rg5 38.Rxd8+ Bxd8 39.Ne1 Qf6 40.Qd3 Rc5 41.Rxc5 bxc5 42.a4 c4 43.Qd4 Be7
44.Qxc4 Qxb2 45.Nd3 Qb1+ 46.Kg2 Qb7+ 47.e4 Bd6 48.Qd5 Qe7 49.Nb2 Bb4 50.Nc4 Qe8
51.Nb6 Kh7 52.Kf3 Qe7 53.Qc6 Qe5 54.Nc4 Qh5+ 55.Kg2 Qe2 56.Qd5 Qc2 57.Qf5+ Kg8
58.Qc8+ Kh7 59.Qf5+ Kg8 60.Nb6 Qc6 61.Qc8+ Qxc8 62.Nxc8 Bc5 63.e5  1/2-1/2

[Event "Pula op"]
[Site "Pula"]
[Date "1990.??.??"]
[Round "4"]
[White "Ostojic, Nikola"]
[Black "Arsovic, Zoran"]
[Result "1/2-1/2"]
[WhiteElo "2235"]
[BlackElo "2385"]

1.Nf3 c5 2.g3 b6 3.Bg2 Bb7 4.O-O Nf6 5.c4 e6 6.Nc3 a6 7.d4 cxd4 8.Qxd4 d6
9.b3 Nbd7 10.Bb2 Be7 11.Rfd1 O-O 12.Ne1 Qc7 13.Ne4 Rfd8 14.Nxf6+ Nxf6 15.Rac1 Rac8
16.e4 Bf8 17.e5 Bxg2 18.Nxg2 dxe5 19.Qxe5 Qc6 20.Qe2 Ne4 21.Qf3 Bc5 22.Ne3 f5
23.Rxd8+ Rxd8 24.Rd1 Rxd1+ 25.Qxd1 h6 26.Qf3 Qd6 27.Qe2 Ng5 28.h4 f4 29.Ng4 f3
30.Qe5 Nh3+ 31.Kh2 Qxe5 32.Nxe5 Nxf2 33.Nxf3 Ng4+ 34.Kh3 h5 35.Ne5 Nf2+ 36.Kg2 Nd1
37.Ba1 Ne3+ 38.Kf3 Nf5 39.Nd7 Bg1 40.Kg2 Be3 41.Kf3 Bg1 42.Kg2 Be3 43.Nb8 a5
44.Nc6 Bc5 45.Kf3 Kf8 46.Ne5 Ke7 47.Ng6+ Kf7 48.Ne5+ Ke7 49.Ng6+ Kf7  1/2-1/2

[Event "Pula op"]
[Site "Pula"]
[Date "1990.??.??"]
[Round "5"]
[White "Arsovic, Zoran"]
[Black "Kovacevic, Slobodan"]
[Result "0-1"]
[WhiteElo "2385"]
[BlackElo "2360"]

1.Nf3 c5 2.g3 b6 3.Bg2 Bb7 4.c4 Nf6 5.O-O e6 6.Nc3 a6 7.Re1 d6 8.e4 Qc7 9.b3 Be7
10.Bb2 O-O 11.d4 cxd4 12.Nxd4 Nbd7 13.Rc1 Rfe8 14.Qd2 Rad8 15.Nc2 Qb8 16.h3 Qa8
17.Qe2 Bf8 18.Ba1 Rc8 19.Nd4 g6 20.Qe3 Bg7 21.Rcd1 Nc5 22.Re2 Rcd8 23.f3 Qb8
24.Kh2 Ncd7 25.Nc2 d5 26.e5 Nxe5 27.cxd5 Nxd5 28.Nxd5 exd5 29.Qf2 Nd7 30.Bxg7 Kxg7
31.Red2 Qd6 32.Ne3 Nc5 33.Nxd5 Bxd5 34.Qd4+ Kg8 35.f4 Ne6 36.Qf6 Nc7 37.Qxd6 Rxd6
38.Bxd5 Nxd5 39.Rxd5 Re2+ 40.Kg1 Rxd5 41.Rxd5 Rxa2 42.Rd6 b5 43.g4 Kg7 44.Rb6 h6
45.h4 Re2 46.Rxa6 Re4 47.Kg2 Rxf4 48.Kg3 Rd4 49.g5 hxg5 50.hxg5 Rd3+ 51.Kf4 Rxb3
52.Rb6 b4 53.Rb8 Rb1 54.Kf3 b3 55.Kg2 Rb2+ 56.Kg3 Kh7 57.Rb7 Kg8 58.Rb8+ Kg7
59.Kh3 Rb1 60.Kg2 Kh7 61.Rb7 Kg8 62.Rb8+ Kg7 63.Kh3 b2 64.Kh2 Kh7 65.Rb7 Kg8
66.Rb8+ Kg7 67.Rb6 Kf8 68.Rb7 Ke8 69.Rb5 Kd7 70.Rb6 Kc7 71.Rb3 Kc6 72.Kg2 Kd5
73.Rb4 Ke5 74.Rb7 Ke6 75.Kh2 Kd6 76.Rb5 Ke7 77.Rb6 Kd7 78.Rb8 Kd6 79.Rb5 Ke6
80.Rb7 Rf1 81.Rxb2 Kf5 82.Kg2 Rf4 83.Rb5+ Kg4  0-1

[Event "Pula op"]
[Site "Pula"]
[Date "1990.??.??"]
[Round "9"]
[White "Stanojevic, Branko"]
[Black "Ulibin, Mikhail"]
[Result "1-0"]
[WhiteElo "2335"]
[BlackElo "2500"]

1.Nf3 c5 2.c4 Nf6 3.g3 b6 4.Bg2 Bb7 5.O-O e6 6.Nc3 Be7 7.d4 cxd4 8.Qxd4 d6
9.Bg5 a6 10.Bxf6 Bxf6 11.Qf4 Bxf3 12.Qxf3 Ra7 13.Rfd1 O-O 14.Rd2 Qc7 15.Ne4 Be7
16.Qf4 Qxc4 17.Nf6+  1-0

[Event "Rimavska Sobota"]
[Site "Rimavska Sobota"]
[Date "1990.??.??"]
[Round "1"]
[White "Lechtynsky, Jiri"]
[Black "Zhidkov, Valery S"]
[Result "1/2-1/2"]
[WhiteElo "2430"]
[BlackElo "2415"]

1.Nf3 Nf6 2.g3 b6 3.Bg2 Bb7 4.O-O e6 5.c4 c5 6.Nc3 Be7 7.d4 cxd4 8.Qxd4 O-O
9.b3 d6 10.Ba3 Na6 11.Rfd1 Nc5 12.Qe3 a6 13.Nd4 Bxg2 14.Kxg2 Qc7 15.f4 Rac8
16.Qf3 Rfd8 17.Rac1 Qb7 18.Qxb7 Nxb7 19.Kf3 Bf8 20.e3 Rc7 21.g4 Rdc8 22.Nde2 Nc5
23.Bxc5 bxc5 24.g5 Ne8 25.Ng3 g6 26.Nge4 Kh8 27.Rd2 Kg7 28.a4 h5 29.Ng3 f5
30.e4 fxe4+ 31.Ncxe4 Kf7 32.Re1 Rd8 33.Red1 Rc6 34.Nf1  1/2-1/2

[Event "Schwaebisch Gmuend op"]
[Site "Schwaebisch Gmuend"]
[Date "1990.??.??"]
[Round "?"]
[White "Gutman, Lev"]
[Black "Adamski, Jan"]
[Result "1/2-1/2"]
[WhiteElo "2475"]
[BlackElo "2410"]

1.Nf3 Nf6 2.g3 b6 3.Bg2 Bb7 4.O-O e6 5.c4 c5 6.b3 Be7 7.Bb2 O-O 8.e3 d5 9.Qe2 dxc4
10.bxc4 Nc6 11.d3 Qc7 12.Ne1 Nd7 13.f4 f5 14.Nc3 Bf6 15.g4 Ne7 16.g5 Bxg2
17.Nxg2 Bxc3 18.Bxc3 Rad8 19.Qb2 Rf7 20.h4 Nc6 21.h5 e5 22.g6 hxg6 23.hxg6 Rf6
24.Nh4 Rdf8 25.fxe5 Ncxe5 26.Qh2  1/2-1/2